UK Town and City Trivia - Newcastle - Statistics

General Stats
  • This quiz has been taken 152 times
  • The average score is 9 of 15
Answer Stats
Hint Answer % Correct
Name given to someone from Newcastle Geordie
97%
Home stadium of Newcastle United F.C. St. James' Park
92%
Nickname given to the above football team due to the colour of their strip Magpies
90%
Anthony McPartlin and Declan Donnelly from Newcastle make up this TV double act Ant & Dec
87%
Ceremonial county is which Newcastle has been situated since 1974 Tyne and Wear
87%
Annual half-marathon race that begins in the city centre and finishes at the coast {Great} {North} Run
82%
Major North-South trunk road that passes through Newcastle A1
72%
Tilting pedestrian and cycle bridge, down river from the Tyne Bridge Millennium Bridge
67%
Long distance trail that begins at Wallsend and crosses the city along the Tyne, before continuing to Bowness in Cumbria {Hadrian's} {Wall} Path
49%
Swing Bridge
44%
Large area of open common land to the north of the city centre The Town Moor
42%
Aside from the magnificent Tyne Bridge, these are the three other listed' (i.e. protected) bridges that connect Newcastle to Gateshead High Level Bridge
29%
Lead guitarist for the Shadows, born in Newcastle in 1941 Hank Marvin
28%
King Edward VII Bridge
11%
Subterranean wagonway that runs for over two miles under the city to the River Tyne {Victoria} Tunnel
9%
No matching quizzes found
Score Distribution
Percent of People with Each Score
Percentile by Number Answered
Your Score History
You have not taken this quiz